[Event "TUR-chT Clubs"]
[Site "Konya"]
[Date "2019.07.21"]
[Round "9.9"]
[White "Gul, Zeynep"]
[Black "Cingoz, Isil"]
[Result "1/2-1/2"]
[WhiteElo "1359"]
[BlackElo "1123"]
[PlyCount "102"]
[EventDate "2019.07.16"]
[EventType "team-swiss"]
[EventRounds "9"]
[EventCountry "TUR"]
[SourceTitle "CBM 191 Extra"]
[Source "ChessBase"]
[SourceDate "2019.09.30"]
[SourceVersion "1"]
[SourceVersionDate "2019.09.30"]
[SourceQuality "1"]
[WhiteTeam "Kalite Dernegi"]
[BlackTeam "Yalova Beyaz Fil"]
[WhiteTeamCountry "TUR"]
[BlackTeamCountry "TUR"]

1. Nf3 e6 2. d4 d5 3. e3 c5 4. c4 Nf6 5. Be2 Bd6 6. 0-0 Ne4 7. dxc5 Bxc5 8. cxd5 exd5 9. Nbd2 Ng5 10. Nxg5 Qxg5 11. Nf3 Qd8 12. b3 0-0 13. Bb2 Nc6 14. Qd2 Be6 15. Rac1 Be7 16. Nd4 Nxd4 17. Bxd4 Bf6 18. Bxf6 Qxf6 19. Qc3 Qg5 20. Qd4 f5 21. Qe5 Qh6 22. Bf3 Rad8 23. Rfd1 Rfe8 24. Qc7 d4 25. Bxb7 Rd7 26. Qc6 dxe3 27. Rxd7 exf2+ 28. Kxf2 Qf4+ 29. Kg1 Qe3+ 30. Kf1 Bxd7 31. Qc4+ Be6 32. Qc3 Qf4+ 33. Kg1 Qg5 34. Re1 f4 35. Qe5 Qxe5 36. Rxe5 Kf7 37. Bd5 Kf6 38. Re2 Re7 39. Bxe6 Rxe6 40. Rc2 Ra6 41. Kf2 Kg5 42. Kf3 Ra5 43. a4 Rd5 44. Rc7 Rd3+ 45. Kf2 Kg6 46. Rxa7 Rxb3 47. a5 Ra3 48. a6 h5 49. Ra8 Ra2+ 50. Kf1 Ra1+ 51. Ke2 Ra2+ 1/2-1/2

[Event "TUR-chT Clubs"]
[Site "Konya"]
[Date "2019.07.20"]
[Round "8.14"]
[White "Gul, Zeynep"]
[Black "Zeycan, Alara"]
[Result "1/2-1/2"]
[WhiteElo "1359"]
[BlackElo "1252"]
[PlyCount "71"]
[EventDate "2019.07.16"]
[EventType "team-swiss"]
[EventRounds "9"]
[EventCountry "TUR"]
[SourceTitle "CBM 191 Extra"]
[Source "ChessBase"]
[SourceDate "2019.09.30"]
[SourceVersion "1"]
[SourceVersionDate "2019.09.30"]
[SourceQuality "1"]
[WhiteTeam "Kalite Dernegi"]
[BlackTeam "Karaman Onder Durmus"]
[WhiteTeamCountry "TUR"]
[BlackTeamCountry "TUR"]

1. Nf3 d5 2. d4 Bg4 3. e3 c6 4. c4 e6 5. Bd3 Bd6 6. Nc3 Nf6 7. b3 0-0 8. 0-0 Nbd7 9. cxd5 exd5 10. Bb2 Re8 11. h3 Bh5 12. Be2 Ne4 13. Nxe4 dxe4 14. Nd2 Bg6 15. Bh5 Qg5 16. Bxg6 Qxg6 17. Re1 Re6 18. Kh1 Rf6 19. Rf1 Re8 20. Qb1 Bb4 21. Nc4 Rf5 22. Qc2 Bd6 23. Nxd6 Qxd6 24. Qe2 Qg6 25. Rac1 Rg5 26. Rg1 Qh6 27. Ba3 Re6 28. Rc2 Rh5 29. Kh2 Rd5 30. Qg4 Nf6 31. Qg3 Re8 32. Qc7 Rd7 33. Qg3 Rd5 34. Qc7 Rd7 35. Qg3 Rd5 36. Qc7 1/2-1/2

[Event "TUR-chT Clubs"]
[Site "Konya"]
[Date "2019.07.19"]
[Round "6.8"]
[White "Gul, Zeynep"]
[Black "Hekimoglu, Mihriban"]
[Result "1/2-1/2"]
[WhiteElo "1359"]
[BlackElo "1440"]
[PlyCount "85"]
[EventDate "2019.07.16"]
[EventType "team-swiss"]
[EventRounds "9"]
[EventCountry "TUR"]
[SourceTitle "CBM 191 Extra"]
[Source "ChessBase"]
[SourceDate "2019.09.30"]
[SourceVersion "1"]
[SourceVersionDate "2019.09.30"]
[SourceQuality "1"]
[WhiteTeam "Kalite Dernegi"]
[BlackTeam "Mugla Mentese Merkez"]
[WhiteTeamCountry "TUR"]
[BlackTeamCountry "TUR"]

1. Nf3 d5 2. d4 Nf6 3. e3 Bf5 4. c4 c6 5. Nc3 e6 6. Be2 Bd6 7. 0-0 h6 8. b3 0-0 9. Bb2 Nbd7 10. h3 Ne4 11. Nxe4 dxe4 12. Nd2 Qg5 13. Bg4 Nf6 14. Bxf5 exf5 15. Re1 f4 16. exf4 Qxf4 17. Nf1 g5 18. Qd2 Qf5 19. d5 Rfe8 20. Bxf6 Qxf6 21. dxc6 bxc6 22. Rad1 Rad8 23. Qe3 Qe5 24. Qg3 Qxg3 25. Nxg3 Bxg3 26. fxg3 f5 27. g4 fxg4 28. Rxd8 Rxd8 29. Rxe4 gxh3 30. gxh3 Kf7 31. Re3 Kf6 32. a3 a5 33. b4 axb4 34. axb4 Rb8 35. Rb3 Ke5 36. Re3+ Kd4 37. Re6 Rxb4 38. Rxc6 Rxc4 39. Rxh6 Ke3 40. Kg2 Rh4 41. Rxh4 gxh4 42. Kg1 Kf3 43. Kh2 1/2-1/2

[Event "TUR-chT Clubs"]
[Site "Konya"]
[Date "2019.07.16"]
[Round "1.12"]
[White "Ark, Gamze"]
[Black "Gul, Zeynep"]
[Result "0-1"]
[WhiteElo "1007"]
[BlackElo "1359"]
[PlyCount "108"]
[EventDate "2019.07.16"]
[EventType "team-swiss"]
[EventRounds "9"]
[EventCountry "TUR"]
[SourceTitle "CBM 191 Extra"]
[Source "ChessBase"]
[SourceDate "2019.09.30"]
[SourceVersion "1"]
[SourceVersionDate "2019.09.30"]
[SourceQuality "1"]
[WhiteTeam "Altin Cocuklar"]
[BlackTeam "Kalite Dernegi"]
[WhiteTeamCountry "TUR"]
[BlackTeamCountry "TUR"]

1. e4 d5 2. exd5 Qxd5 3. Nc3 Qd8 4. d4 Nf6 5. Nf3 Bg4 6. Be2 e6 7. a3 Be7 8. h3 Bxf3 9. Bxf3 c6 10. Bf4 Nbd7 11. Qd2 Nb6 12. 0-0 0-0 13. Rfe1 Nbd5 14. Nxd5 Nxd5 15. c4 Nb6 16. c5 Nd5 17. Bxd5 Qxd5 18. Qd3 Bxc5 19. Rad1 Bd6 20. Be3 Be7 21. Rd2 Bf6 22. Red1 Rfd8 23. Rc1 Rd7 24. b4 Rad8 25. Rcd1 e5 26. f3 exd4 27. Bf2 g6 28. Rc2 Qd6 29. Rcd2 Be5 30. Kf1 Bf4 31. Rc2 Bg3 32. Rcd2 Bxf2 33. Kxf2 Qf4 34. Re2 Kg7 35. Red2 Qe3+ 36. Qxe3 dxe3+ 37. Kxe3 Rxd2 38. Rxd2 Rxd2 39. Kxd2 Kf6 40. Ke2 Ke5 41. Ke3 Kd5 42. Kd3 b6 43. g3 c5 44. bxc5 bxc5 45. g4 c4+ 46. Kc3 g5 47. a4 a5 48. Kc2 Kd4 49. Kd2 c3+ 50. Kc2 Kc4 51. Kc1 Kd3 52. Kd1 c2+ 53. Kc1 h6 54. Kb2 Kd2 0-1